000 00500nam a2200157 a 4500
001 000031661
005 20200930063103.0
008 110629s1997 dr 000 0 spa d
040 _aDO-SdBNP
_bspa
_cBNPHU
082 _axxxx
_bC749a
111 2 _aCongreso Adolecentes Infractores
_n(1er. :
_d1997, jul. 11-13 :
_cSanto Domingo)
_957956
245 1 0 _aCongreso Adolescentes Infractores.
260 _a[Santo Domingo :
_bFundación Amigos del Mundo,
_c1997].
300 _a18 p. ;
_c21 cm.
049 _aBNPD
999 _c31153
_d31153